| 000 | 00977cab a2200181 4500 | ||
|---|---|---|---|
| 001 | ##L131472 | ||
| 008 | 051107n2005 000 0 eng u | ||
| 035 | _a(Sirsi) u131472 | ||
| 041 | 0 | _aeng | |
| 100 | 1 | _aLewis, Maggie | |
| 245 | 0 | 0 | _aProperty investment clubs |
| 260 | 3 | _c2005 | |
| 490 | 0 |
_aLetting Update Journal _v13(3) October 2005, 17-19(3) |
|
| 520 | _aInvestigates how property investment clubs operate and examines the validity of their claim to make investors into property millionaires. Tests the theory of investment clubs that they can target suitable developments and negotiate better deals for their members particularly when buying off-plan. Suggests that notice should have been taken of the Australian experience of property investment clubs since 2003 and that regulation of these operations should be considered in the UK. | ||
| 590 | _aIKA081105 | ||
| 690 | _aPROPERTY-RESIDENTIAL PROPERTY-RESIDENTIAL PROPERTY FINANCE AND INVESTMENT | ||
| 942 | _n0 | ||
| 999 |
_c76101 _d76101 |
||